| 000 | 02013nam a2200361 a 4500 | ||
|---|---|---|---|
| 003 | AM-YeHGA | ||
| 040 | _aAM-YeHGA | ||
| 090 | _c369004 | ||
| 001 | 001145187 | ||
| 005 | 20250617152236.0 | ||
| 008 | 160505m20152020ai ab||gr|||||001|0|arm|| | ||
| 020 | _a9789939740140 (Հտ. Ա.) | ||
| 020 | _a9789939755137 (Հտ. Բ.) | ||
| 041 | 0 | _aarm | |
| 100 | 1 |
_aԱրևշատյան, Աշոտ _cդպիր |
|
| 245 | 1 | 0 |
_aՀայաստան. Արարչագործությունից մինչև Երկրորդ Գալուստ : _b[4 հատորով] / _cԱշոտ դպիր Արևշատյան ; Խմբագրական կազմ՝ Մ. Մարտիրոսյան, Գ. Թերզայն, Լ. Թափալցյան, Կ. Մարտիրոսյան, Մ. Բաբայան. |
| 260 |
_aԵրևան : _bԱստղիկ գրատուն, _c2015- _c2020. |
||
| 300 |
_aՀտ. ; _c24 սմ. |
||
| 504 | _aՄատենագիտություն՝ էջ 519-522 հայերեն և օտար լեզու: | ||
| 504 | _aՏողատակում՝ ծանոթագրություններով: | ||
| 505 | 1 | 0 | _gՀտ. 1 (2015, 528 էջ, նկարներ, քարտեզներ) |
| 505 | 0 | 0 |
_gՀտ. 2 (2020, 672 էջ, նկ., քարտեզ.) _rԱնգլ. թարգմ.՝ Ա. Հովհաննիսյան ; Սրբագրիչ՝ Կ. Մարտիրոսյան. |
| 650 | 1 | 4 |
_aԱստվածաշունչ _xՀայաստան |
| 651 | 4 |
_aՀայաստան _xՊատմություն _vԱրարչագործությունից մինչև Երկրորդ Գալուստ |
|
| 700 | 1 |
_aՄարտիրոսյան, Մինաս _cքահանա _eխմբագիր _4edt |
|
| 700 | 1 |
_aԹերզայն, Գայանե _eխմբագիր _4edt |
|
| 700 | 1 |
_aԹափալցյան, Լիլիթ _eխմբագիր _4edt |
|
| 700 | 1 |
_aԱլեքսանյան, Սասունիկ _eխմբագիր _4edt |
|
| 700 | 1 |
_aՄարտիրոսյան, Կարմեն _eխմբագիր _4edt _eսրբագրիչ _4crr |
|
| 700 | 1 |
_aԲաբայան, Մանվել _eխմբագիր _4edt |
|
| 700 | 1 |
_aՀովհաննիսյան, Անահիտ _eթարգմանիչ _4trl |
|
| 942 |
_2udc _cBK |
||
| 999 |
_c367136 _d367136 |
||